| 000 | 00393nam a2200145Ia 4500 | ||
|---|---|---|---|
| 008 | 230917s9999||||xx |||||||||||||| ||und|| | ||
| 040 |
_e106900 _aMAIN |
||
| 041 | _aEnglish | ||
| 082 | _a327.116 C692S | ||
| 100 | _aCollins, Alan | ||
| 245 | 0 | _aSecurity and Southeast Asia: domestic, regional, and global issues. | |
| 260 |
_aNew Delhi _bViva Books _c2005 |
||
| 300 | _a245 p. | ||
| 942 | _cBK | ||
| 999 |
_c129007 _d129007 |
||